Selección de "La luz bajo el celemín" y otros poemas (Record no. 4876)

MARC details
000 -LEADER
campo de control de longitud fija 01038njm a2200253 i 4500
001 - NÚMERO DE CONTROL
campo de control 4876
003 - IDENTIFICADOR DE NÚMERO DE CONTROL
campo de control ES-MaACL
007 - CAMPO FIJO DE DESCRIPCIÓN FÍSICA--INFORMACIÓN GENERAL
campo de control de longitud fija s|r|||||||||||
008 - DATOS DE LONGITUD FIJA--INFORMACIÓN GENERAL
campo de control de longitud fija 070821s1980 sp ||| g ||||||||1|nspa d
100 1# - ENTRADA PRINCIPAL--NOMBRE DE PERSONA
Nombre de persona Jiménez, Pablo.
9 (RLIN) 66431
245 10 - MENCIÓN DEL TÍTULO
Título Selección de "La luz bajo el celemín" y otros poemas
Medio [Grabación sonora] /
Mención de responsabilidad, etc. interviene Pablo Jiménez.
260 ## - PUBLICACIÓN, DISTRIBUCIÓN, ETC.
Lugar de publicación, distribución, etc. Madrid :
Nombre del editor, distribuidor, etc. Ateneo de Madrid,
Fecha de publicación, distribución, etc. 1980.
300 ## - DESCRIPCIÓN FÍSICA
Extensión 2 discos (CD-DA) (1 h. 23 min. 3 seg.) ;
Dimensiones 12 cm.
490 1# - MENCIÓN DE SERIE
Mención de serie Poetas nuevos
500 ## - NOTA GENERAL
Nota general Datos basados en la invitación.
518 ## - NOTA DE FECHA/HORA Y LUGAR DE UN ACONTECIMIENTO
Nota de fecha/hora y lugar de un acontecimiento Acto organizado por el Aula de Poesía del Ateneo de Madrid, grabado en la sala de conferencias el miércoles 5 de marzo de 1980, a las 20:00 h.
610 24 - PUNTO DE ACCESO ADICIONAL DE MATERIA--NOMBRE DE ENTIDAD CORPORATIVA
Nombre de entidad corporativa o nombre de jurisdicción como elemento de entrada Ateneo de Madrid-
Subdivisión general Actos culturales-
Subdivisión cronológica 1980-
Subdivisión de forma Grabaciones sonoras.
9 (RLIN) 1891
710 2# - ENTRADA AGREGADA--NOMBRE DE ENTIDAD CORPORATIVA
Nombre de entidad corporativa o nombre de jurisdicción como elemento de entrada Ateneo de Madrid.
Unidad subordinada Aula de Poesía.
9 (RLIN) 1949
830 0# - PUNTO DE ACCESO ADICIONAL DE SERIE-TÍTULO UNIFORME
Título uniforme Poetas nuevos
9 (RLIN) 177199
852 ## - LOCALIZACIÓN
Ubicación ES-MaACL
Número de control de estantería ROT 4/3/6
itemnumber 4993
Ubicación en estantería Rotativo
852 ## - LOCALIZACIÓN
Ubicación ES-MaACL
Número de control de estantería ROT 4/3/7
itemnumber 203532
Ubicación en estantería Rotativo
942 ## - ELEMENTOS DE ENTRADA SECUNDARIOS (KOHA)
Fuente del sistema de clasificación o colocación Clasificación decimal universal
Holdings
Estatus retirado Estado de pérdida Fuente del sistema de clasificación o colocación Estado de daño No para préstamo Colección Biblioteca de origen Biblioteca actual Ubicación en estantería Fecha de adquisición Total de préstamos Signatura topográfica completa Código de barras Visto por última vez Precio de reemplazo Tipo de ítem Koha
    Clasificación decimal universal     Archivo de la palabra Biblioteca del Ateneo de Madrid Biblioteca del Ateneo de Madrid Rotativo 17/01/2008   ROT 4/3/6 1004939 23/02/2023 23/02/2023 Archivo de ordenador en CD-ROM, CD o disquete
    Clasificación decimal universal     Archivo de la palabra Biblioteca del Ateneo de Madrid Biblioteca del Ateneo de Madrid Rotativo 17/01/2008   ROT 4/3/7   17/06/2024 23/02/2023 Archivo de ordenador en CD-ROM, CD o disquete